| 000 | 01181nam0a22002771 4500 | ||
|---|---|---|---|
| 001 | rc\972914 | ||
| 005 | 20041129100908.9 | ||
| 035 | _a(NLR Aleph) 006141784 | ||
| 090 |
_a5669639 _c5669639 |
||
| 100 | _a20041129d1982 u |0rusy50 ca | ||
| 101 | 0 | _arus | |
| 102 | _aRU | ||
| 105 | _aa ||||||||| | ||
| 200 | 1 | _aЭлектронные свойства жидких металлов | |
| 210 |
_aМ. _cИВТАН _d1982 |
||
| 215 |
_a141 с. _cил. _d21 |
||
| 225 | 1 |
_aОбзоры по теплофизическим свойствам веществ _eОбзор. информ. _fАН СССР, Ин-т высок. температур. Науч.-информ. центр по теплофиз. свойствам чистых веществ _v№ 1 (33) |
|
| 300 | _aОписано по вып. дан. На тит. л. и обл. только загл. сер. | ||
| 320 | _aБиблиогр.: с. 127-139 | ||
| 700 | 1 |
_aКлючников _bН. И. _gНиколай Иванович |
|
| 701 | 1 |
_aТригер _bС. А. _gСергей Александрович |
|
| 801 | 0 |
_aRU _bNLR _gpsbo |
|
| 801 | 1 |
_aRU _bELAR _2rusmarc |
|
| 852 |
_aNLR _jП7/1752 |
||
| 942 | _cBOOK | ||
| 980 | _aNB | ||